Difco manual of dehydrated culture media and reagents for microbiological and clinical laboratory procedures (Record no. 198283)

MARC details
000 -LEADER
fixed length control field 00439nam a2200145Ia 4500
008 - FIXED-LENGTH DATA ELEMENTS--GENERAL INFORMATION
fixed length control field 231217s9999 xx 000 0 und d
041 ## - LANGUAGE CODE
Language code of text/sound track or separate title English
082 ## - DEWEY DECIMAL CLASSIFICATION NUMBER
Classification number 612.028 DIF;1 R
100 ## - MAIN ENTRY--PERSONAL NAME
Personal name Difco Laboratory.
245 #0 - TITLE STATEMENT
Title Difco manual of dehydrated culture media and reagents for microbiological and clinical laboratory procedures
250 ## - EDITION STATEMENT
Edition statement 8th ed.
260 ## - PUBLICATION, DISTRIBUTION, ETC.
Date of publication, distribution, etc. 1948
Name of publisher, distributor, etc. Difco Laboratory
Place of publication, distribution, etc. Michigan
300 ## - PHYSICAL DESCRIPTION
Extent 224
942 ## - ADDED ENTRY ELEMENTS (KOHA)
Koha item type Books
Holdings
Date last seen Total checkouts Full call number Accession number Price effective from Category Public note Lost status Damaged status Department Withdrawn status Home library Current library Shelving location Entry date Grants Currency symbol Conversion rate Discount Old discount
26/01/2024   612.028 DIF;1 R 91765 26/01/2024 Books VMSRF Rare book     Central Library   Central Library Central Library Central Library 01/12/2017 DONATED RS 1    

© For any Suggestions or Query, please contact the library staff @ librarian@pes.edu or Phone: +9180 2672 1983/ 2108.